| 000 | 00751nam a2200277Ia 4500 | ||
|---|---|---|---|
| 008 | 160803s9999 xx 000 0 und d | ||
| 020 | _a9780439690454 | ||
| 100 | _aHamilton, Tisha | ||
| 245 | 4 | _aThe little red sled / | |
| 245 | _cby Tisha Hamilton ; illustrated by Steve Haefele. | ||
| 260 | _aNew York : | ||
| 260 | _bScholastic Inc. | ||
| 260 | _c2005 | ||
| 300 | _a1 volume (unpaged) : | ||
| 300 | _bcolor illustrations ; | ||
| 300 | _c21 cm | ||
| 650 | _aClifford (Fictitious character : Bridwell) -- | ||
| 650 | _aPicture books -- | ||
| 650 | _aSleds -- | ||
| 650 | _aWinter -- | ||
| 650 | _xFiction. | ||
| 650 | _xJuvenile fiction. | ||
| 650 | _xJuvenile fiction. | ||
| 650 | _xJuvenile fiction. | ||
| 700 | _aNA | ||
| 999 |
_c298202 _d298202 |
||